|
|
|
|
| LEADER |
00842nab#a2200289#ar4500 |
| 001 |
000024613 |
| 003 |
SVKKK |
| 005 |
00000000000000.0 |
| 008 |
c xo e czeo |
| FMT |
|
|
|
| 038 |
|
|
|a SVKKK
|
| 040 |
|
|
|a SVKKK
|b slo
|e AACR2
|
| 041 |
0 |
|
|a cze
|b eng
|
| 044 |
|
|
|a xo
|c SK
|
| 080 |
|
|
|a 622.
|2 1981
|
| 100 |
1 |
|
|a Škola, Jaromír
|4 aut
|
| 245 |
1 |
0 |
|a Specifické rysy hornické činnosti v oblastech výskytu zvodnělých horizontů
|c Škola Jaromír,
|
| 300 |
|
|
|b Fotogr., tab.,
|
| 504 |
|
|
|a Res. angl.
|
| 650 |
0 |
4 |
|a otváranie ložísk
|x odvodňovanie
|
| 650 |
0 |
4 |
|a revír lignitový juhomoravský
|x technika banská
|x prevádzka
|x štúdie
|
| 773 |
0 |
|
|t Acta Montanistica Slovaca
|x 1335-1788
|g Roč. 7, č. 3(2002), s. 167-170
|
| 974 |
|
|
|d 030107
|a Čr
|
| 992 |
|
|
|a RBX
|
| BAS |
|
|
|
| 852 |
|
|
|a SVKKK
|b BIB
|
| 998 |
|
|
|a BAN
|